Superstring theory (Record no. 1210998)

MARC details
000 -LEADER
fixed length control field 01029nam a2200313Ia 4500
003 - CONTROL NUMBER IDENTIFIER
control field OSt
005 - DATE AND TIME OF LATEST TRANSACTION
control field 20221007122827.0
008 - FIXED-LENGTH DATA ELEMENTS--GENERAL INFORMATION
fixed length control field 221006b |||||||| |||| 00| 0 eng d
037 ## - SOURCE OF ACQUISITION
Terms of availability Textual
040 ## - CATALOGING SOURCE
Original cataloging agency PAPL
Transcribing agency PAPL
Language of cataloging eng
041 ## - LANGUAGE CODE
Source of code eng
Language code of text/sound track or separate title eng
100 ## - MAIN ENTRY--PERSONAL NAME
Personal name Green Michael B
9 (RLIN) 715331
245 #0 - TITLE STATEMENT
Title Superstring theory
Remainder of title Schwarz John H Witten Edward
260 ## - PUBLICATION, DISTRIBUTION, ETC.
Place of publication, distribution, etc. Cambridge
Name of publisher, distributor, etc. Cambridge University
Date of publication, distribution, etc. 2012
490 ## - SERIES STATEMENT
Volume/sequential designation Vol. 1
650 ## - SUBJECT ADDED ENTRY--TOPICAL TERM
Topical term or geographic name entry element Anomalies
9 (RLIN) 715332
650 ## - SUBJECT ADDED ENTRY--TOPICAL TERM
Topical term or geographic name entry element Loop amplitudes
9 (RLIN) 715333
650 ## - SUBJECT ADDED ENTRY--TOPICAL TERM
Topical term or geographic name entry element Phenomenology
650 ## - SUBJECT ADDED ENTRY--TOPICAL TERM
Topical term or geographic name entry element Superstring theory
9 (RLIN) 715099
650 ## - SUBJECT ADDED ENTRY--TOPICAL TERM
Topical term or geographic name entry element Physics
700 ## - ADDED ENTRY--PERSONAL NAME
Personal name Schwarz John H
9 (RLIN) 714911
700 ## - ADDED ENTRY--PERSONAL NAME
Personal name Witten Edward
9 (RLIN) 715334
942 ## - ADDED ENTRY ELEMENTS (KOHA)
Classification part C9B36, M7;Q2.1 Carpa
Koha item type Textual
Source of classification or shelving scheme Colon Classification (CC)
Holdings
Withdrawn status Lost status Source of classification or shelving scheme Damaged status Not for loan Home library Current library Date acquired Source of acquisition Serial Enumeration / chronology Total Checkouts Full call number Barcode Date last seen Price effective from Koha item type
    Colon Classification (CC)     Department of Physics and Astrophysics Library Department of Physics and Astrophysics Library 2022-10-07 IN1361, 12/03/2014, New India Book Agency Vol. 1   C9B36 M7;Q2.1 Carpa PA0007108 2022-10-07 2022-10-07 Textual
Copyright @ Delhi University Library System